000 00464nam a2200181Ia 4500
005 20250923144533.0
008 008 250917s9999 xx 000 0 eng d
037 _aTextual
040 _aDSWL
_beng
_cDSWL
041 _aeng
_2eng
084 _qDSWL
100 _aNostrano, H.L
_9825890
245 0 _aMission of the university
_cby H.L Nostrano
260 _aLondon
_c1952
300 _avi,81 p.
942 _cTEXL
999 _c1440177
_d1440177